000 00338 a2200169 4500
001 175437
020 _a85-16-01753-2
040 _cMagnum
100 _aBrito, Elias Avancini de
240 1 0 _aBiologia 3
_lpor
245 1 0 _aBiologia 3
300 _a564
362 0 _a1997
440 1 _aModerna
697 _aBIOLOGIA
942 _cBK
999 _c175437
_d175437